000 01394cam a2200133 4500500
005 20260329023139.0
041 _afre
042 _adc
100 1 0 _aMarchand, Sophie
_eauthor
245 0 0 _aHistoire littéraire du XVIIIe siècle
260 _bArmand Colin,
_c2014.
520 _aUn petit livre pour un grand siècle : comment rendre compte de toutes les facettes d’une époque qui, s’ouvrant sur une sévère fin de règne, s’achève par une Révolution, oscille entre raison et sentiment, esprit scientifique et libertinage, pratique tous les genres, renouvelle les formes, se nourrit de la littérature du passé en inventant celle de l’avenir ?Pour embrasser un siècle si riche, l’auteur nous propose une histoire vivante de la littérature du XVIIIe siècle, restituant, dans son foisonnement et sa richesse, dans ses contradictions même, une évolution des formes et des sujets d’écriture indissociable des soubresauts de l’histoire et des mutations de la pensée.Explorer la littérature de ce siècle, c’est donc entrer dans la vie des idées d’un temps qui eut passionnément le goût du débat et choisit délibérément de pratiquer, dans le champ des savoirs comme dans le rapport aux autorités, une indiscipline féconde.
856 4 1 _uhttps://shs.cairn.info/histoire-litteraire-du-xviiie-siecle--9782200290672?lang=fr&redirect-ssocas=7080
999 _c1925068
_d1925068